000 00859nam a2200265 a 4500
008
020 _a075064818X (pbk.)
049 _aMAIN
090 _aSB469.386
_bGAR
100 1 _aGarmory, Nicola.
245 1 0 _aProfessional Pactice for Landscape Architects /
_cNicola Garmory, Rachel Tennant and Clare Winsch.
260 _aOxford :
_bArchitectural Press,
_c2002.
300 _avii, 182 p. ;
_c22 cm.
500 _aIncludes index.
650 _aLandscape architecture
_xPractice
_xGreat Britain
650 _aPlanning
_xLaw and legislation
_xGreat Britain
650 1 _aLandscape architecture
_xGreat Britain
700 _aWinsch, Clare
700 _aTennant, Rachel
907 _a.b10209104
_b24-05-13
_c07-08-06
003
005 20230123134232.0
040 _cNUST
942 _cBOOKS
_kSB469.386
_mGAR
999 _c162391
_d162391